Dream SMP Quiz - Statistics

General Stats
  • This quiz has been taken 3,915 times
  • The average score is 12 of 15
Answer Stats
Hint Answer % Correct
Big Q's youtube name Quackity
98%
Who calls people 'Muffins' Badboyhalo
97%
Who has a fox skin? Fundy
97%
Who got put in exile? Tommy
97%
Founder of L'Manberg Wilbur
97%
Who is the current president of L'Manberg? Tubbo
92%
______EatsPants Connor
90%
Who had a heart attack? Jschlatt
90%
Who betrayed L'Manberg in the control room? Eret
87%
Technoblade likes farming _______ Potatoes
86%
Fill the gap: POG 2020 VS _________ Swag 2020
71%
Who was put under house arrest? Ph1lza
70%
Which famous streamer was toured on the server by Tommyinnit? Ninja
53%
Who is Australian? Lazarbeam
49%
When Tommy was exiled and Wilbur joined him, what did Wilbur keep calling them? Lads on tour
12%
No matching quizzes found
Score Distribution
Percent of People with Each Score
Percentile by Number Answered
Your Score History
You have not taken this quiz